15 krajów o największej liczbie zgonów Covid19 - 25 czerwca - Statystyki

Ogólne statystyki
  • Ten quiz został rozwiązany 48 razy
  • Średni wynik to 12 z 20
Statystyki odpowiedzi
kraj % Poprawnych
Rosja
93%
Stany Zjednoczone
91%
Niemcy
86%
Włochy
86%
Francja
81%
Brazylia
77%
Wielka Brytania
72%
Hiszpania
70%
Kanada
70%
Meksyk
70%
Indie
63%
Szwecja
47%
Chile
44%
Peru
44%
Belgia
35%
Holandia
35%
Iran
33%
Irlandia
28%
Ekwador
26%
Szwajcaria
23%
Nie znaleziono quizów pasujących do podanych kryteriów
Rozkład punktacji
Procent ludzi z każdym wynikiem
Percentyl według liczby udzielonych odpowiedzi
Twoja historia wyników
Nie rozwiązałeś tego quizu